[Event "DEN-ch G7-3"]
[Site "Skorping"]
[Date "2017.04.11"]
[Round "1"]
[White "Andersen, Aage Kristian"]
[Black "Staugaard, Henning"]
[Result "0-1"]
[WhiteElo "1678"]
[BlackElo "1493"]
[PlyCount "78"]
[EventDate "2017.04.11"]
[EventType "swiss"]
[EventRounds "7"]
[EventCountry "DEN"]
[SourceTitle "EXT 2023"]
[Source "ChessBase"]
[SourceDate "2022.10.05"]
[SourceVersion "1"]
[SourceVersionDate "2022.10.05"]
[SourceQuality "1"]

1. d4 d5 2. c4 Nf6 3. Nc3 e6 4. e3 Bb4 5. a3 Bxc3+ 6. bxc3 0-0 7. Nf3 Nc6 8. Be2 Re8 9. cxd5 exd5 10. 0-0 Bf5 11. c4 h6 12. cxd5 Nxd5 13. Bb2 Nce7 14. Rc1 Qd6 15. Nd2 Rac8 16. e4 Nf4 17. exf5 Nxf5 18. Bg4 Qg6 19. Qf3 Ne2+ 20. Kh1 Nh4 21. Qh3 Nxc1 22. Rxc1 Rcd8 23. Qxh4 Qc2 24. Nf3 Qxb2 25. Rg1 Qxa3 26. Qg3 c5 27. dxc5 Qxc5 28. h3 b5 29. Ne1 a5 30. Nd3 Qc3 31. Nf4 Qxg3 32. fxg3 b4 33. Bd1 Re3 34. Be2 g5 35. Bc4 gxf4 36. gxf4 Rd4 37. Bb5 b3 38. Rb1 a4 39. f5 a3 0-1